000 00465nam a2200145 a 4500
001 000030242
005 20200930060149.0
008 110505s2005 dr a 000 0 spa d
040 _aDO-SdBNP
_bspa
_cBNPHU
082 _axxx
_bC735
245 0 0 _aComo participar en el ayuntamiento :
_bInstructivo para trabajar con la resolución 262-99.
260 _aSanto Domingo :
_bAyuntamiento del Distrito Nacional,
_c2005.
300 _a20 p. :
_bil. ;
_c23 cm.
049 _aBNPD
999 _c29734
_d29734